000 00394 a2200169 4500
001 49044
020 _a8532201199
040 _cAnchieta - Bela Vista
100 _aMoraes, Antonieta Dias de
240 1 0 _aUrubu queria ser passarinho
_lpor
245 1 0 _aUrubu queria ser passarinho
300 _a
362 0 _a1997
440 1 _aFTD
650 4 _aLiteratura infanto-juvenil
942 _cBK
999 _c49044
_d49044